One Tree Hill Characters Quiz Stats

 Plays Quiz Updated Feb 21, 2019

Score 0/24 Timer 08:00
7 Plays Today
Character Description % Correct
Brooke Davis
97.4%
Dan Scott
96.5%
Lucas Scott
96.2%
Peyton Sawyer
95.9%
Nathan Scott
95.4%
Marvin McFadden
93%
Haley James Scott
91.8%
Keith Scott
91.3%
James Lucas Scott
88%
Deb Scott
87.9%
Karen Roe
86.5%
Antwon 'Skills' Taylor
84.5%
Character Description % Correct
Whitey Durham
84%
Rachel Gatina
79.2%
Chris Keller
76.6%
Julian Baker
75.5%
Millicent Huxtable
74.9%
Chase Adams
71.7%
Jimmy Edwards
69.9%
Mia Catalano
67.5%
Victoria Davis
67.1%
Alex Dupre
63.7%
Quentin Fields
57.9%
Cooper Lee
53%

You're not logged in!

Compare scores with friends on all Sporcle quizzes.
OR
Log In

Sporcle TV

Today on Sporcle TV


Watch our educational content, quiz creation guides, and fun videos on Sporcle TV.

Show Comments

Extras

Top Quizzes Today


Score Distribution

Your Account Isn't Verified!

In order to create a playlist on Sporcle, you need to verify the email address you used during registration. Go to your Sporcle Settings to finish the process.

Report this User

Report this user for behavior that violates our Community Guidelines.

Details: